Το αρχείο του σκηνογράφου Γιώργου Ανεμογιάννη στο Μουσείο Νίκου Καζαντζάκη στη Μυρτιά Ηρακλείου : διαχείριση και προβολή : διπλωματική εργασία [μεταπτυχιακή]
Αποθηκεύτηκε σε:
| Κύριος συγγραφέας: | |
|---|---|
| Συγγραφή απο Οργανισμό/Αρχή: | |
| Άλλοι συγγραφείς: | |
| Μορφή: | Thesis Βιβλίο |
| Γλώσσα: | Greek |
| Δημοσίευση: |
2012.
|
| Θέματα: | |
| Διαθέσιμο Online: | http://hdl.handle.net/11610/16160 |
| Ετικέτες: |
Προσθήκη ετικέτας
Δεν υπάρχουν, Καταχωρήστε ετικέτα πρώτοι!
|
MARC
| LEADER | 00000cam a2200000 i 4500 | ||
|---|---|---|---|
| 001 | 1/35076 | ||
| 008 | 130822s2012 gr | ||| |||| ||gre|| | ||
| 035 | |l 10115396 | ||
| 040 | |a GR-MyUa |b gre |e AACR2 | ||
| 041 | 0 | |a gre | |
| 082 | 7 | |a 069.5 |2 (22) | |
| 100 | 1 | |a Ψαρολογάκη, Αργυρώ. | |
| 245 | 1 | 3 | |a Το αρχείο του σκηνογράφου Γιώργου Ανεμογιάννη στο Μουσείο Νίκου Καζαντζάκη στη Μυρτιά Ηρακλείου : |b διαχείριση και προβολή : διπλωματική εργασία [μεταπτυχιακή] / |c Αργυρώ Ψαρολογάκη ; επιβλέπουσα: Μαρία Οικονόμου. |
| 260 | |c 2012. | ||
| 300 | |a 96 σ. ; |c 30 εκ. | ||
| 500 | |a Βιβλιογραφία: σ. 86-96. | ||
| 502 | |a Διατριβή (μεταπτυχιακή) – Πανεπιστήμιο Αιγαίου, Λέσβος, 2012. | ||
| 650 | 0 | |a Museums |z Greece |z Erakleion (Nome) | |
| 650 | 0 | 0 | |a Museums |x Management. |
| 650 | 0 | |a Museums |x Collection management |z Greece |z Erakleion (Nome) | |
| 650 | 0 | 0 | |a Dissertations, Academic |z Greece. |
| 700 | 1 | |a Οικονόμου, Μαρία, |e dgsf | |
| 710 | 2 | |a Πανεπιστήμιο Αιγαίου. |b Σχολή Κοινωνικών Επιστημών. |b Τμήμα Πολιτισμικής Τεχνολογίας και Επικοινωνίας. |b Πρόγραμμα Μεταπτυχιακών Σπουδών Πολιτισμική Πληροφορική και Επικοινωνία. | |
| 852 | |a INST |b LESVOS |c DIATR |e 20130822 |h 495 |p 005100053074 |q 005100053074 |t MTXE |y 23 | ||
| 852 | |a INST |b LESVOS |c DIATR |e 20130822 |h 496 |p 005100053075 |q 005100053075 |t MTXE |y 23 | ||
| 856 | |u http://hdl.handle.net/11610/16160 | ||
| 901 | |a BIBL1-2013-2 | ||
| 924 | |a Ψαρολογάκη |b Αργυρώ |y Λέσβος |z 2012-04 | ||
| 970 | |a ΤΖΑΦΕΡΗ |b ΕΥΑΓΓΕΛΙΑ |z 2013/08/23 | ||